| 000 | 00512nam a2200169 a 4500 | ||
|---|---|---|---|
| 005 | 20140412111341.0 | ||
| 008 | 031016s19uu xx 00 eng d | ||
| 020 | _a1-58048-182-5 | ||
| 050 |
_aTR(PS E _bLu96 2001 |
||
| 100 | _aFaulkner, Keith | ||
| 245 |
_aLui and the sea moon / _cwritten by Keith Faulkner ; illustrated by Czes Pachela. |
||
| 260 |
_aEngland : _bBaby's First Book Club, _c2001. |
||
| 300 | _a1 v. (unp.) ; ill. | ||
| 650 | _aMoons--Fiction | ||
| 650 | _aChildren stories | ||
| 999 |
_c105118 _d105118 |
||